| 000 | 00394nam a2200157Ia 4500 | ||
|---|---|---|---|
| 008 | 221030s9999 xx 000 0 und d | ||
| 020 | _a8170298237 | ||
| 041 | _aEnglish | ||
| 082 |
_a105.23 _bECA |
||
| 100 | _aECA / BPB | ||
| 245 | 0 |
_aUpto date Memory IC data & Comparison Tables _cby ECA / BPB |
|
| 260 |
_bBPB Pub _aNew Delhi _c1997 |
||
| 300 | _a3.928 | ||
| 650 | _aBE Computer | ||
| 942 | _cBK | ||
| 999 |
_c712 _d712 |
||